01012nam a22002657i 4500003000900000005001700009007000300026008004100029040003000070041000800100082002400108110004800132245012400180264005300304300002600357336002700383337003300410338002800443500007800471590002600549910000700575942001300582952013400595999001700729DO-SdBNP20250623102528.0ta250523b2002 |||||||| |||| 00| 0 spa d aDO-SdBNPbspacBNPHUerda hspa a343.084bR426Lc222 aRepública Dominicana.b[Leyes, etc.]96071 aLey no. 126-02 sobre el comercio electrónico :bdocumentos y firmas digitales, promulgada el 4 de septiembre del 2002 aSanto Domingo :b[Editora no identificada]c2002 a48 páginas ;c27 cm ardacontentbtexto2txt ardamediabsin mediación2n ardacarrierbvolumen2nc aLey No. 3-02 sobre registro mercantil, promulgada el 18 de enero del 2002 aInventariado, 2025/DG aDG 2ddccLF2 00102ddc51708PDaBNPHUbBNPHUcCTd2025-06-23edonaciónl0oBNPHU PD 343.084 R426Lcp2025-5439r2025-06-23w2025-06-23yLF2 c59358d59358